Statistics for August 16th: Birthdays

Click here to take the quiz!

General Stats

  • This quiz has been taken 4 times
  • The average score is 2 of 7

Answer Stats

YearClueAnswer% Correct
1954Director of TitanicJames Cameron
100%
1958Artist of Like a VirginMadonna
100%
1888British Soldier and WriterT. E. Lawrence
25%
19966 gold 2019 in SwimmingCaleb Dressel
0%
1913Prime Minister of IsraelMenachem Begin
0%
1970Actor in Jawaani JaanemanSaif Ali Khan
0%
1930Five-Time Major ChampionTony Trabert
0%

Score Distribution

Percentile by Number Answered

Percent of People with Each Score

Your Score History

You have not taken this quiz